Matematika 1 Zbierka úloh

Na minha lista:
Detalhes bibliográficos
Autor principal: Sekerová, Viera
Autor Corporativo: Ekonomická univerzita v Bratislave. Fakulta hospodárskej informatiky
Formato: Livro
Idioma:eslovaco
Publicado em: Bratislava Ekonomická univerzita 1992
Edição:2. vyd.
Assuntos:
Tags: Adicionar Tag
Sem tags, seja o primeiro a adicionar uma tag!

MARC

LEADER 00000nam a2200000 4500
001 c005010
005 20221214085945.7
020 |a 80-225-0393-2 
041 0 |a slo 
044 |a SK 
245 1 0 |a Matematika 1  |b Zbierka úloh  |c Viera Sekerová a kol. 
250 |a 2. vyd. 
264 1 |a Bratislava  |b Ekonomická univerzita  |c 1992 
300 |a 292 s. 
610 2 0 |a matematika 
100 1 |a Sekerová, Viera 
710 2 |a Ekonomická univerzita v Bratislave. Fakulta hospodárskej informatiky